00677nam a2200241 a 4500001001300000003000900013005001700022008004100039020001000080082001800090100001800108245001500126260003900141300000900180500003500189505003400224650001500258700001800273902000800291942000700299952011400306999001500420nice12345678IN_TiNIC20260116011436.0050524s1961 alia grp 000 0 urd  ac4.500a891.4392bRAY aRayees, Qamar aUrdu Drama aAligarhbSir Syed Book Depotc1961 a302p aincludes index and biblioraphy2 ascn book club study project.3 aDrama-Urdu1 aRayees, Qamar bSRS cBK 001040708StackRoom-aHMIbHMId2007-05-31g4.50l0o891.4392 RAYp03663r2007-05-31v4.50w2005-05-24yBK c1566d1566